000 00546nam a2200205Ia 4500
005 20250506172918.0
008 008 250505s9999 xx 000 0 eng d
020 _a9789390644490
037 _aTB
040 _aILCL
_beng
_cILCL
041 _aeng
_2eng
082 _qILCL
100 _aProBona India (Ed.)
_9754747
245 0 _aLandmark Judgements on Human Rights
260 _aDelhi
_bLaw and Justice Publishing Company
_c2022
300 _axxi,117p.
365 _aINR
942 _cTB
_2Colon Classification
999 _c1312660
_d1312660